MARC

LEADER 00000nam0a2200000 4500
001 273574
005 20231101234637.0
020 |a RU  |b 87-77678 
035 |a (RuTPU)RU\TPU\book\296783 
090 |a 273574 
100 |a 20141028d1987 km y0rusy5003 ca 
101 0 |a rus 
102 |a RU 
105 |a y z 001zy 
200 1 |a Франция и Средиземноморье  |f Т. Г. Пархалина  |g Академия наук СССР (АН СССР), Институт научной информации по общественным наукам (ИНИОН) ; под ред. В. И. Гантмана 
210 |a Москва  |c Наука  |d 1987 
215 |a 190 с. 
320 |a Библиогр. в примеч. в конце ст. 
606 1 |a Франция  |x Внешняя политика  |2 stltpush  |3 (RuTPU)RU\TPU\subj\74183  |9 86662 
610 1 |a международные отношения 
610 1 |a Франции 
610 1 |a средиземноморье 
610 1 |a 20 век 
610 1 |a США 
610 1 |a военно-стратегический потенциал 
610 1 |a НАТО 
610 1 |a Ближний Восток 
686 |a Ф4(4Фр)  |2 rubbk 
700 1 |a Пархалина  |b Т. Г.  |g Татьяна Глебовна  |4 070 
702 1 |a Гантман  |b В. И.  |4 340 
712 0 2 |a Академия наук СССР (АН СССР)  |b Институт научной информации по общественным наукам (ИНИОН)  |c (Москва)  |2 stltpush  |3 (RuTPU)RU\TPU\col\11360 
801 0 |a RU  |b RuMRKP  |c 19950417  |g psbo 
801 1 |a RU  |b 63413507  |c 20141028 
801 2 |a RU  |b 63413507  |c 20151209  |g RCR 
942 |c BK